000
00205nam a22000857a 4500
008
170617b xxu||||| |||| 00| 0 eng d
100
_9
3492
_a
Ali. S
245
_a
Common Birds
260
_a
New Delhi
_b
N. B. T
_c
2008
999
_c
6875
_d
6875